00634 2200241 4500001002100000005001500021035002000036245007600056100001700132250000600149300003500155700002100190260003100211082001300242084001900255020002200274650001100296990001700307990001700324990001700341990001700358990001700375INLIS00000000000001320180723090055 a0010-07180000131 aAyo, Laksanakan Sholat Fardhu /cImas Mulyani; Editor, Shanita Kharisma0 aImas Mulyani a- aiv, 44 hlm. :bilus. ;c25 cm.0 aShanita Kharisma aJakarta :bPT MAPAN,c2009 a297.3822 a297.3822 IMA a a978-602-8262-55-2 ashalat a00039/P/2018 a00040/P/2018 a00041/P/2018 a00042/P/2018 a00043/P/2018